U.S. States that Visit California the Most - Statistics

General Stats
  • This quiz has been taken 397 times
    372 since last reset
  • The average score is 9 of 10
Answer Stats
% Total Trips State % Correct
1.6% New York
98%
3.2% Arizona
97%
2.8% Nevada
97%
2.1% Washington
97%
2.3% Texas
96%
2.0% Florida
95%
1.4% Oregon
95%
1.1% Illinois
86%
1.0% Colorado
83%
0.8% Massachusetts
71%
No matching quizzes found
Score Distribution
Percent of People with Each Score
Percentile by Number Answered
Your Score History
You have not taken this quiz since the last reset